000 00407nam a2200133Ia 4500
008 231129s2017||||xx |||||||||||||| ||spa||
020 _a978-958-785-042-0
040 _bspa
082 _a(i) 398.2 C532c
245 0 _aChi jaibana aribada ome = El jaibaná y el mohán
260 _c2017
264 _aBogotá Colombia : Ministerio de Educación Nacional
942 _2ddc
_cBKS
999 _c6901
_d6901